Statistics for Guess who? #1 - Minion Edition

Click here to take the quiz!

General Stats

  • This quiz has been taken 8 times
  • The average score is 17 of 25

Answer Stats

QuestionTileSelect% Correct
◉ The minion is yellow ◉ The minion is holding an item ◉ It's not Bob ◉ The minion is not wearing blue clothes ◉ There is white in the clothes ◉ The minion is smiling ◉ The minion has something on his head ◉ The minion isn’t wearing something with redYes
83%
◉ The minion is yellow ◉ The minion is holding an item ◉ It's not Bob ◉ The minion is not wearing blue clothes ◉ There is white in the clothes ◉ The minion is smiling ◉ The minion has something on his head ◉ The minion isn’t wearing something with redYes
83%
◉ The minion is yellow ◉ The minion is holding an item ◉ It's not Bob ◉ The minion is not wearing blue clothes ◉ There is white in the clothes ◉ The minion is smiling ◉ The minion has something on his head ◉ The minion isn’t wearing something with redYes
67%
◉ The minion is yellow ◉ The minion is holding an item ◉ It's not Bob ◉ The minion is not wearing blue clothes ◉ There is white in the clothes ◉ The minion is smiling ◉ The minion has something on his head ◉ The minion isn’t wearing something with redYes
67%
◉ The minion is yellow ◉ The minion is holding an item ◉ It's not Bob ◉ The minion is not wearing blue clothes ◉ There is white in the clothes ◉ The minion is smiling ◉ The minion has something on his head ◉ The minion isn’t wearing something with redYes
67%
◉ The minion is yellow ◉ The minion is holding an item ◉ It's not Bob ◉ The minion is not wearing blue clothes ◉ There is white in the clothes ◉ The minion is smiling ◉ The minion has something on his head ◉ The minion isn’t wearing something with redYes
67%
◉ The minion is yellow ◉ The minion is holding an item ◉ It's not Bob ◉ The minion is not wearing blue clothes ◉ There is white in the clothes ◉ The minion is smiling ◉ The minion has something on his head ◉ The minion isn’t wearing something with redYes
67%
◉ The minion is yellow ◉ The minion is holding an item ◉ It's not Bob ◉ The minion is not wearing blue clothes ◉ There is white in the clothes ◉ The minion is smiling ◉ The minion has something on his head ◉ The minion isn’t wearing something with redYes
67%
◉ The minion is yellow ◉ The minion is holding an item ◉ It's not Bob ◉ The minion is not wearing blue clothes ◉ There is white in the clothes ◉ The minion is smiling ◉ The minion has something on his head ◉ The minion isn’t wearing something with redYes
67%
◉ The minion is yellow ◉ The minion is holding an item ◉ It's not Bob ◉ The minion is not wearing blue clothes ◉ There is white in the clothes ◉ The minion is smiling ◉ The minion has something on his head ◉ The minion isn’t wearing something with redYes
67%
◉ The minion is yellow ◉ The minion is holding an item ◉ It's not Bob ◉ The minion is not wearing blue clothes ◉ There is white in the clothes ◉ The minion is smiling ◉ The minion has something on his head ◉ The minion isn’t wearing something with redYes
67%
◉ The minion is yellow ◉ The minion is holding an item ◉ It's not Bob ◉ The minion is not wearing blue clothes ◉ There is white in the clothes ◉ The minion is smiling ◉ The minion has something on his head ◉ The minion isn’t wearing something with redYes
67%
◉ The minion is yellow ◉ The minion is holding an item ◉ It's not Bob ◉ The minion is not wearing blue clothes ◉ There is white in the clothes ◉ The minion is smiling ◉ The minion has something on his head ◉ The minion isn’t wearing something with redYes
67%
◉ The minion is yellow ◉ The minion is holding an item ◉ It's not Bob ◉ The minion is not wearing blue clothes ◉ There is white in the clothes ◉ The minion is smiling ◉ The minion has something on his head ◉ The minion isn’t wearing something with redYes
67%
◉ The minion is yellow ◉ The minion is holding an item ◉ It's not Bob ◉ The minion is not wearing blue clothes ◉ There is white in the clothes ◉ The minion is smiling ◉ The minion has something on his head ◉ The minion isn’t wearing something with redYes
67%
◉ The minion is yellow ◉ The minion is holding an item ◉ It's not Bob ◉ The minion is not wearing blue clothes ◉ There is white in the clothes ◉ The minion is smiling ◉ The minion has something on his head ◉ The minion isn’t wearing something with redYes
67%
◉ The minion is yellow ◉ The minion is holding an item ◉ It's not Bob ◉ The minion is not wearing blue clothes ◉ There is white in the clothes ◉ The minion is smiling ◉ The minion has something on his head ◉ The minion isn’t wearing something with redYes
67%
◉ The minion is yellow ◉ The minion is holding an item ◉ It's not Bob ◉ The minion is not wearing blue clothes ◉ There is white in the clothes ◉ The minion is smiling ◉ The minion has something on his head ◉ The minion isn’t wearing something with redYes
67%
◉ The minion is yellow ◉ The minion is holding an item ◉ It's not Bob ◉ The minion is not wearing blue clothes ◉ There is white in the clothes ◉ The minion is smiling ◉ The minion has something on his head ◉ The minion isn’t wearing something with redYes
67%
◉ The minion is yellow ◉ The minion is holding an item ◉ It's not Bob ◉ The minion is not wearing blue clothes ◉ There is white in the clothes ◉ The minion is smiling ◉ The minion has something on his head ◉ The minion isn’t wearing something with redYes
67%
◉ The minion is yellow ◉ The minion is holding an item ◉ It's not Bob ◉ The minion is not wearing blue clothes ◉ There is white in the clothes ◉ The minion is smiling ◉ The minion has something on his head ◉ The minion isn’t wearing something with redYes
67%
◉ The minion is yellow ◉ The minion is holding an item ◉ It's not Bob ◉ The minion is not wearing blue clothes ◉ There is white in the clothes ◉ The minion is smiling ◉ The minion has something on his head ◉ The minion isn’t wearing something with redYes
67%
◉ The minion is yellow ◉ The minion is holding an item ◉ It's not Bob ◉ The minion is not wearing blue clothes ◉ There is white in the clothes ◉ The minion is smiling ◉ The minion has something on his head ◉ The minion isn’t wearing something with redYes
67%
◉ The minion is yellow ◉ The minion is holding an item ◉ It's not Bob ◉ The minion is not wearing blue clothes ◉ There is white in the clothes ◉ The minion is smiling ◉ The minion has something on his head ◉ The minion isn’t wearing something with redNo
50%
◉ The minion is yellow ◉ The minion is holding an item ◉ It's not Bob ◉ The minion is not wearing blue clothes ◉ There is white in the clothes ◉ The minion is smiling ◉ The minion has something on his head ◉ The minion isn’t wearing something with redYes
33%

Score Distribution

Percentile by Number Answered

Percent of People with Each Score

Your Score History

You have not taken this quiz